logo

Bir Sreshtho Munshi Abdur Rouf Library
Jhenaidah Cadet College

The coming end of war / (Record no. 9135)

MARC details
000 -LEADER
fixed length control field 00928cam a2200313 i 4500
001 - CONTROL NUMBER
JCCL Control Number 9135
003 - CONTROL NUMBER IDENTIFIER
JCCL marc code BD-JhCC
005 - DATE AND TIME OF LATEST TRANSACTION
control field 20180308200834.0
008 - FIXED-LENGTH DATA ELEMENTS--GENERAL INFORMATION
fixed length control field 801119s1981 cau b 000 0 eng
020 ## - INTERNATIONAL STANDARD BOOK NUMBER
International Standard Book Number 0803915233
020 ## - INTERNATIONAL STANDARD BOOK NUMBER
International Standard Book Number 0803915241 (pbk.)
035 ## - SYSTEM CONTROL NUMBER
system control number (BD-JhCC)9135
040 ## - CATALOGING SOURCE
Original cataloging agency DLC
Transcribing agency DLC
Modifying agency DLC
-- BD-JhCC
041 ## - LANGUAGE CODE
Language code of Book eng
050 00 - LIBRARY OF CONGRESS CALL NUMBER
Classification number UF767
Item number .L44
082 00 - DEWEY DECIMAL CLASSIFICATION NUMBER
Classification number 327.1/7
DDC Edition number 19
Author mark and Year LEV 1981
100 1# - MAIN ENTRY--PERSONAL NAME
Personal name Levi, Werner,
Dates associated with a name 1912-2005.
245 14 - TITLE STATEMENT
Title The coming end of war /
Statement of responsibility, etc Werner Levi.
260 ## - PUBLICATION, DISTRIBUTION, ETC. (IMPRINT)
Place of publication, distribution, etc Beverly Hills, Calif. :
Name of publisher, distributor, etc Sage Publications,
Date of publication, distribution, etc c1981.
300 ## - PHYSICAL DESCRIPTION
Pagination 183 p. ;
Dimensions 23 cm.
490 0# - SERIES STATEMENT
Series statement Sage library of social research ; v. 117
504 ## - BIBLIOGRAPHY, ETC. NOTE
Bibliography, etc Bibliography: p. 179-182.
650 #0 - SUBJECT ADDED ENTRY--TOPICAL TERM
Topical term or geographic name as entry element Nuclear warfare.
650 #0 - SUBJECT ADDED ENTRY--TOPICAL TERM
Topical term or geographic name as entry element War.
650 #0 - SUBJECT ADDED ENTRY--TOPICAL TERM
Topical term or geographic name as entry element World politics
Chronological subdivision 1945-1989.
856 42 - ELECTRONIC LOCATION AND ACCESS
Materials specified Publisher description
Uniform Resource Identifier http://www.loc.gov/catdir/enhancements/fy0660/80039568-d.html
942 ## - ADDED ENTRY ELEMENTS (KOHA)
Source of classification or shelving scheme Dewey Decimal Classification
Koha item type Books
Holdings
Source of classification or shelving scheme Damaged status Not for loan Home library Current library Shelving location Total Checkouts Full call number Barcode Date last seen Copy number Koha item type
Dewey Decimal Classification     JCC Rouf Library JCC Rouf Library General Stacks   327.1/7 LEV 1981 12143 03/08/2018 C - 1 Books

JCC Library | Contacts | JCC Home

Last Update on 23 September 2017
Copyright @ 2017-2020 JCC Rouf Library
Rouf Library, Jhenidah Cadet College (JCC), Bangladesh